BIBLIOTECA

SENCICO

El diseño audiovisual / (Registro nro. 5017)

Detalles MARC
000 -LEADER
fixed length control field 01395nam a22003017a 4500
003 - CONTROL NUMBER IDENTIFIER
control field PE SENCICO BE
005 - DATE AND TIME OF LATEST TRANSACTION
control field 20251020182709.0
008 - FIXED-LENGTH DATA ELEMENTS--GENERAL INFORMATION
fixed length control field 241204b |||||||| |||| 00| 0 eng d
020 ## - INTERNATIONAL STANDARD BOOK NUMBER
International Standard Book Number 978-84-252-1538-4
040 ## - CATALOGING SOURCE
Original cataloging agency PE SENCICO BE
Transcribing agency PE SENCICO BE
041 ## - LANGUAGE CODE
Language code of text/sound track or separate title spa
082 ## - DEWEY DECIMAL CLASSIFICATION NUMBER
Classification number 745.4
Item number R16
100 1# - MAIN ENTRY--PERSONAL NAME
9 (RLIN) 2744
Personal name Rafols, Rafael
Relator term autor
245 1# - TITLE STATEMENT
Title El diseño audiovisual /
Statement of responsibility, etc. Rafael Rafols, Antoni Colomer
250 ## - EDITION STATEMENT
Edition statement 1a ed.
260 ## - PUBLICATION, DISTRIBUTION, ETC.
Place of publication, distribution, etc. Barcelona :
Name of publisher, distributor, etc. GG Diseño ;
Date of publication, distribution, etc. 2013
300 ## - PHYSICAL DESCRIPTION
Extent 127 p. :
Dimensions 24 cm.
505 0# - FORMATTED CONTENTS NOTE
Formatted contents note El diseño y el audiovisual -- El sistema comunicativo -- El espacio -- El tiempo -- La imagen -- El proceso creativo -- La infografía -- La publicidad -- La televisión -- Los créditos cinematográficos -- Multimedia e interactividad -- El videoclip
520 3# - SUMMARY, ETC.
Summary, etc. La presente obra pretende hacer llegar al lector una reflexión teórica y práctica sobre el diseño audiovisual. Por ello, su lectura resultará útil tanto al profesional que desee ahondar en su trabajo como el estudiante que se acerque por primera vez a tan apasionante disciplina.
650 10 - SUBJECT ADDED ENTRY--TOPICAL TERM
9 (RLIN) 2617
Topical term or geographic name entry element Diseño de la imagen
650 20 - SUBJECT ADDED ENTRY--TOPICAL TERM
9 (RLIN) 967
Topical term or geographic name entry element Comunicación en diseño
650 20 - SUBJECT ADDED ENTRY--TOPICAL TERM
9 (RLIN) 1964
Topical term or geographic name entry element Imagen corporativa
650 20 - SUBJECT ADDED ENTRY--TOPICAL TERM
9 (RLIN) 460
Topical term or geographic name entry element Comunicación visual
650 20 - SUBJECT ADDED ENTRY--TOPICAL TERM
9 (RLIN) 2745
Topical term or geographic name entry element Aparatos audiovisuales
700 1# - ADDED ENTRY--PERSONAL NAME
9 (RLIN) 2746
Personal name Colomer, Antoni
Relator term autor
910 ## - USER-OPTION DATA (OCLC)
-- hfp
-- hfp
942 ## - ADDED ENTRY ELEMENTS (KOHA)
Source of classification or shelving scheme Dewey Decimal Classification
Koha item type Libros
Existencias
Fecha de la última vez que lo usaron Pago total Signatura topográfica completa Código de barras Precio efectivo desde Tipo de documento Estado perdido Sistema de clasificación Estado dañado No es para préstamo Retirado Ubicación permanente Ubicación actual Fecha de adquisición
05/12/2024   745.4/R16 BibLima24120014 05/12/2024 Libros   Dewey Decimal Classification       Biblioteca Central Lima Biblioteca Central Lima 18/11/2024